000
00342nam a2200145Ia 4500
005
20250322150012.0
008
240331s9999 xx 000 0 und d
082
_b
ROO
_a
891
100
_a
Rooban,S
245
0
_a
Uraiyum Pani Pengal
260
_a
Chennai
_b
Kruppu pirathigal
_c
2010
300
_a
95 p .,
650
_a
Short Stories
942
_c
L
999
_c
5833
_d
5833